LEADER 02016oam 2200589 450 001 9910715251903321 005 20210125095139.0 035 $a(CKB)5470000002509505 035 $a(OCoLC)1143006528 035 $a(EXLCZ)995470000002509505 100 $a20200304d1932 ua 0 101 0 $aeng 135 $aurbn||||||||| 181 $ctxt$2rdacontent 182 $cc$2rdamedia 183 $acr$2rdacarrier 200 10$aCharacteristics of an airfoil as affected by fabric sag /$fby Kenneth E. Ward 210 1$aWashington, [D.C.] :$cNational Advisory Committee for Aeronautics,$d1932. 215 $a1 online resource (5 pages, 4 unnumbered pages) $cillustrations 225 1 $aTechnical note / National Advisory Committee for Aeronautics ;$vNo. 428 300 $a"August, 1932." 300 $aNo Federal Depository Library Program (FDLP) item number. 320 $aIncludes bibliographical references (page 5). 606 $aAerofoils$xTesting 606 $aAirplanes$xFabrics 606 $aAirplanes$xWings$xModels 606 $aTextile fabrics$xTesting 606 $aWind tunnel testing 606 $aAerofoils$xTesting$2fast 606 $aAirplanes$xFabrics$2fast 606 $aTextile fabrics$xTesting$2fast 606 $aWind tunnel testing$2fast 615 0$aAerofoils$xTesting. 615 0$aAirplanes$xFabrics. 615 0$aAirplanes$xWings$xModels. 615 0$aTextile fabrics$xTesting. 615 0$aWind tunnel testing. 615 7$aAerofoils$xTesting. 615 7$aAirplanes$xFabrics. 615 7$aTextile fabrics$xTesting. 615 7$aWind tunnel testing. 700 $aWard$b Kenneth E$g(Kenneth Elmer),$01387383 712 02$aUnited States.$bNational Advisory Committee for Aeronautics, 801 0$bTRAAL 801 1$bTRAAL 801 2$bOCLCO 801 2$bOCLCF 801 2$bGPO 906 $aBOOK 912 $a9910715251903321 996 $aCharacteristics of an airfoil as affected by fabric sag$93542290 997 $aUNINA LEADER 02532oas 2200841 a 450 001 9910144199703321 005 20250921213016.0 035 $a(OCoLC)65523805 035 $a(CONSER) 2009268098 035 $a(CKB)1000000000214019 035 $a(EXLCZ)991000000000214019 100 $a20060406b20032017 uy a 101 0 $aeng 135 $aurbn||||||||| 181 $ctxt$2rdacontent 182 $cc$2rdamedia 183 $acr$2rdacarrier 200 00$aCardozo public law, policy, and ethics journal 210 $aNew York, N.Y. $cBenjamin N. Cardozo School of Law$d2003-[2017] 215 $a1 online resource (15 volumes) 300 $aTitle from title screen (viewed Apr. 4, 2006). 311 08$a1546-1483 517 3 $aPublic law, policy, and ethics journal 517 1 $aCardozo public law, policy & ethics journal 517 1 $aCardozo public law and ethics journal 606 $aPublic law$zUnited States$vPeriodicals 606 $aPublic policy (Law)$zUnited States$vPeriodicals 606 $aLegal ethics$zUnited States$vPeriodicals 606 $aDroit public$zE?tats-Unis$vPe?riodiques 606 $aOrdre public$zE?tats-Unis$vPe?riodiques 606 $aAvocats$xDe?ontologie$zE?tats-Unis$vPe?riodiques 606 $aLegal ethics$2fast$3(OCoLC)fst00995475 606 $aPublic law$2fast$3(OCoLC)fst01082619 606 $aPublic policy (Law)$2fast$3(OCoLC)fst01082822 607 $aUnited States$2fast$1https://id.oclc.org/worldcat/entity/E39PBJtxgQXMWqmjMjjwXRHgrq 608 $aPeriodicals.$2fast 608 $aLaw reviews.$2fast 608 $aLaw reviews.$2lcgft 615 0$aPublic law 615 0$aPublic policy (Law) 615 0$aLegal ethics 615 6$aDroit public 615 6$aOrdre public 615 6$aAvocats$xDe?ontologie 615 7$aLegal ethics. 615 7$aPublic law. 615 7$aPublic policy (Law) 712 02$aBenjamin N. Cardozo School of Law, 801 0$bGAO 801 1$bGAO 801 2$bOCLCS 801 2$bNDO 801 2$bUVL 801 2$bMUQ 801 2$bOCLCQ 801 2$bOCLCO 801 2$bOCLCF 801 2$bOCLCO 801 2$bOCLCQ 801 2$bYLS 801 2$bOCL 801 2$bUCILW 801 2$bDLC 801 2$bOCL 801 2$bOCLCO 801 2$bUUM 801 2$bVT2 801 2$bOCLCO 801 2$bOCLCL 906 $aJOURNAL 912 $a9910144199703321 996 $aCardozo public law, policy, and ethics journal$92231386 997 $aUNINA